Textbook on right to information law (Record no. 396137)

MARC details
000 -LEADER
fixed length control field 00615 a2200205 4500
005 - DATE & TIME
control field 20260220105025.0
008 - FIXED-LENGTH DATA ELEMENTS--GENERAL INFORMATION
fixed length control field 260220b |||||||| |||| 00| 0 eng d
020 ## - ISBN
International Standard Book Number 9789388334310
Price Rs. 250.00
040 ## - CATALOGING SOURCE
Original cataloging agency VIVEKANANDA LIBRARY
082 ## - DDC NUMBER
Classification number 342.0662
Book Number D15T
100 ## - MAIN ENTRY--PERSONAL NAME
Personal name Dalal, A S
245 ## - TITLE STATEMENT
Title Textbook on right to information law
260 ## - PUBLICATION, DISTRIBUTION, ETC. (IMPRINT)
Name of publisher, distributor, etc The Bright Law House
Date of publication, distribution, etc 2021
Place of publication, distribution, etc New Delhi
300 ## - PHYSICAL DESCRIPTION
Pages xii, 286
500 ## - GENERAL NOTE
General note Based on syllabus of 3 years and 5 years L.L.B
650 ## - Subject
Subject Freedom of information- Law
650 ## - Subject
Subject Government Accountability- Law
650 ## - Subject
Subject Administration Transparency- Law
942 ## - ADDED ENTRY ELEMENTS (KOHA)
Koha item type Books
Holdings
Withdrawn status Lost status Source of classification or shelving scheme Damaged status Not for loan Location (home branch) Sublocation or collection (holding branch) Shelving location Date acquired Koha issues (times borrowed) Koha full call number Accession No. Koha date last seen Koha item type
    Dewey Decimal Classification     VIVEKANANDA LIBRARY VIVEKANANDA LIBRARY Law Library 02/02/2026   342.0662 D15T 377833 02/02/2026 Books
    Dewey Decimal Classification     VIVEKANANDA LIBRARY VIVEKANANDA LIBRARY Law Library 02/02/2026   342.0662 D15T 377834 02/02/2026 Books
    Dewey Decimal Classification     VIVEKANANDA LIBRARY VIVEKANANDA LIBRARY Law Library 02/02/2026   342.0662 D15T 377836 02/02/2026 Books
    Dewey Decimal Classification     VIVEKANANDA LIBRARY VIVEKANANDA LIBRARY Law Library 02/02/2026   342.0662 D15T 377832 02/02/2026 Books
    Dewey Decimal Classification     VIVEKANANDA LIBRARY VIVEKANANDA LIBRARY Law Library 02/02/2026   342.0662 D15T 377835 02/02/2026 Books
© Designed and Maintained by Vivekananda Library, MDU Rohtak